Consumer Rights Act 2015 (Record no. 115533)
[ view plain ]
| 000 -LEADER | |
|---|---|
| fixed length control field | 00817cam a22002055a 4500 |
| 001 - CONTROL NUMBER | |
| control field | L158836 |
| 008 - FIXED-LENGTH DATA ELEMENTS--GENERAL INFORMATION | |
| fixed length control field | 150805s2015 xxk f 000 0 eng d |
| 035 ## - SYSTEM CONTROL NUMBER | |
| System control number | (Sirsi) u158836 |
| 041 0# - LANGUAGE CODE | |
| Language code of text/sound track or separate title | eng |
| 100 1# - MAIN ENTRY--PERSONAL NAME | |
| Personal name | Collins, Christine |
| 245 00 - TITLE STATEMENT | |
| Title | Consumer Rights Act 2015 |
| Remainder of title | Display of letting agents |
| 260 ## - PUBLICATION, DISTRIBUTION, ETC. | |
| Date of publication, distribution, etc. | 2015 |
| 490 #0 - SERIES STATEMENT | |
| Series statement | Letting Update Journal |
| Volume/sequential designation | 23 (2) July 2015, 15-17(3) |
| 520 ## - SUMMARY, ETC. | |
| Summary, etc. | Section 3 of the Consumer Rights Act 2015 Part 3 which received Royal Assent on 26 March 2015 obliges letting agents to publicise and display a list of their fees and charges. Came into force in England on 27 May 2015. As at August 2015 still not enforce in Wales |
| 590 ## - LOCAL NOTE (RLIN) | |
| Local note | KA |
| 650 24 - SUBJECT ADDED ENTRY--TOPICAL TERM | |
| Topical term or geographic name entry element | CONSUMER RIGHTS ACT 2015 PART 3 |
| 651 #4 - SUBJECT ADDED ENTRY--GEOGRAPHIC NAME | |
| Geographic name | ENGLAND AND WALES |
| 690 ## - LOCAL SUBJECT ADDED ENTRY--TOPICAL TERM (OCLC, RLIN) | |
| Topical term or geographic name as entry element | Property management |
| 9 (RLIN) | 6262 |
| 942 ## - ADDED ENTRY ELEMENTS (KOHA) | |
| Suppress in OPAC | 0 |
| Withdrawn status | Lost status | Source of classification or shelving scheme | Damaged status | Not for loan | Home library | Current library | Shelving location | Date acquired | Total Checkouts | Full call number | Barcode | Date last seen | Copy number | Price effective from | Koha item type |
|---|---|---|---|---|---|---|---|---|---|---|---|---|---|---|---|
| Dewey Decimal Classification | London | London | Journals | 05/08/2015 | L158836 | 158836-1001 | 06/08/2019 | 1 | 06/08/2019 | Journal article |